| 000 | 01540nam a2200265Ia 4500 | ||
|---|---|---|---|
| 999 |
_c38510 _d38510 |
||
| 001 | 4611 | ||
| 003 | GE_BSU | ||
| 005 | 20190510182451.0 | ||
| 008 | 181216s2001|||| |||||||||||||| ||geo|| | ||
| 020 | _a999283224X | ||
| 040 | _cGE_BSU | ||
| 041 | _ageo | ||
| 080 | _a316.25(975.8) კ–34 | ||
| 100 |
_aკაციტაძე, კახაბერ _9990 |
||
| 245 |
_aგეოპოლიტიკური და გეოსტრატეგიული ტრანსფორმაცია ევროპაში : დამხმ. სახელმძღვ. / _cკახაბერ კაციტაძე ; სერიის მთ. რედ : მარინა ჩიტაშვილი ; რედ : ლია კაჭარავა |
||
| 264 |
_aთბილისი .: _bმერიდიანი, _c2001. |
||
| 300 |
_a164 გვ. ; _c20სმ; |
||
| 440 |
_aსოციალურ მეცნიერებათა სერია _9955 |
||
| 504 | _aბიბლიოგრ.:გვ.163 | ||
| 653 | _aგეოპოლიტიკა გეოსტრატეგია | ||
| 653 | _aგეოპოლიტიკური და გეოსტრატეგიული ტრანსფორმაცია ევროპაში | ||
| 700 |
_aჩიტაშვილი, მარინა _e სერიის მთავარი რედაქტორი _9991 |
||
| 700 |
_aკაჭარავა, ლია _eრედაქტორი _9992 |
||
| 942 |
_cBK _2udc |
||